000 00973nam a22001697a 4500
999 _c63147
_d63147
003 Ge_BSU
005 20250612101222.0
008 250612s1981 ge ||||| |||| 00| 0 geo d
041 _ageo
080 _a001.98 ჟ-67
100 _aჟვანია, გ.
_925389
245 _aისტორიული სინამდვილე და ფალსიფიკატორთა გამონაგონები /
_c საქ. სსრ მეცნ. აკად., საზღვარგარეთის იდეოლ. მიმართულებათა პრობლ. სამეცნ. საბჭო, საზ. მეცნ. დარგში სამეცნ. ინფორმ. სექტორი.
264 _aთბ. :
_bმეცნიერება,
_c1981.
300 _a84გვ. ;
_b22სმ.
653 _aისტორიული ფაქტების გაყალბება
942 _2udc
_cᲬᲘᲒᲜᲘ